000 00496nam a2200181Ia 4500
005 20250508162233.0
008 008 250505s9999 xx 000 0 hin d
037 _aTextual
040 _aFEDL
_beng
_cFEDL
041 _ahin
_2eng
084 _aFH, NAG
_qFEDL
100 _aNagaraja Rao C K
_9772622
245 0 _aPatta-mahadevi shantla. Part 1
260 _aNew Delhi, India
_bBhartiya Gyanpeeth
_c1983
300 _a398p.
942 _cTEXL
_hFH, NAG
999 _c1375288
_d1375288